01160cam a2200313 i 4500003000900000005001700009007000300026008004100029020001800070040003000088082002200118100002500140240006800165245011600233264004300349264004800392300002600440336002700466337003400493338002800527490003800555500003900593500005900632500002300691650003500714650004400749650001600793700003700809DO-SdBNP20240406073831.0ta751003s2014 sp 001 f spa d a9788408124047 aDO-SdBNPbspacBNPHUerda 4bC548222a330.3421 aChomsky, Noamd1928-10aProfit over people. Neoliberalism and global orden /lespañol13aEl beneficio es lo que cuenta : bneoliberalismo y orden social /cNoam Chomsky ; traducción Antonio Desmonts 1aBarcelona, España :bAustral,c2014. 1bCrítica,bPlaneta,c2016, 3a. impresión a194 páginasc19 cm. 2rdacontentatextobtxt 2rdamediaasin mediación bn 2rdacarrieravolumenbnc1 aContemporánea. Humanidadesv828 aIncluye notas a pie de páginas.  aIncluye datos biográficos del autor en la página 5 aIncluye índice.  4aLiberalismo económico yS.XX 4aGlobalización xAspectos económicos 0aDemocracia 1 aDesmonts, Antonioetraducción